Movies Quiz

Random Movies Quiz

Plo koon Quiz Stats

 Plays Quiz not verified by Sporcle

Score 0/11 Timer 08:00
0 Plays Today
hint answer % Correct
balde colour during moviesblue
83.3%
gendermale
79.2%
blade coulour before moviesyellow
70.8%
died whilstflying
58.3%
specieskel dor
54.2%
planet born ondorin
33.3%
death date19 bby
29.2%
mastertyvokka
25%
padwanlissarkh (lis)
8.3%
plos shipdelta 11
8.3%
height188 cms
4.2%

You're not logged in!

Compare scores with friends on all Sporcle quizzes.
OR
Log In

Show Comments

Extras

Created May 6, 2012SourceReportNominate
Tags:dob

Top Quizzes Today


Score Distribution

Your Account Isn't Verified!

In order to create a playlist on Sporcle, you need to verify the email address you used during registration. Go to your Sporcle Settings to finish the process.

Report this User

Report this user for behavior that violates our Community Guidelines.

Details: